Southeast Asia - Map Quiz - Statistics

General Stats
  • This quiz has been taken 476 times
  • The average score is 8 of 11
Answers on the Map
Answers color-coded by a green-red scale on the quiz's map according to % correct below.
 
Answer Stats
Answer % Correct
Philippines
85%
Vietnam
73%
Indonesia
71%
Laos
67%
Cambodia
66%
East Timor
66%
Myanmar
66%
Singapore
66%
Thailand
66%
Malaysia
65%
Brunei
61%
No matching quizzes found
Score Distribution
Percent of People with Each Score
Percentile by Number Answered
Your Score History
You have not taken this quiz